| 000 | 00961cam a2200301 4500 | ||
|---|---|---|---|
| 001 | 2178252 | ||
| 003 | ARRUPE | ||
| 005 | 20161102115554.0 | ||
| 008 | 680301s1967 enk b 100 0beng | ||
| 010 | _a 68084451 | ||
| 015 | _aB67-25747 | ||
| 020 | _a0722005105 (Sheed & Ward) | ||
| 020 | _a0281022003 (S.P.C.K.) | ||
| 040 |
_aDLC _cDLC _dDLC |
||
| 050 | 0 | 0 | _aBX1750.N44 |
| 082 | 0 | 0 | _a262/.135/0924 |
| 111 | 2 |
_d _927220 |
|
| 245 | 1 | 4 |
_aThe rediscovery of Newman: _ban Oxford symposium, _c/edited by John Coulson and A. M. Allchin. |
| 260 |
_aLondon, _bSheed & Ward; _c1967. |
||
| 300 |
_axxi, 250 p. _c23 cm. |
||
| 504 | _aBibliographical footnotes. | ||
| 600 | 1 | 0 |
_aNewman, John Henry, _vCongresses. _927221 |
| 700 | 1 |
_aCoulson, John, _d1919-1993, _eed. _927222 |
|
| 700 | 1 |
_aAllchin, A. M., _eed. _97125 |
|
| 710 | 2 |
_aOriel College (University of Oxford) _927223 |
|
| 906 |
_a7 _bcbc _corignew _du _encip _f19 _gy-gencatlg |
||
| 942 |
_2lcc _cMONOGRAPH |
||
| 999 |
_c125650 _d125650 |
||